Responses for Show #7405 - Friday, November 18, 2016

2016 Teen Tournament semifinal game 3.
From DAR Constitution Hall in Washington, D.C.

Contestants

[<< previous game]

Apurva Kanneganti, a senior from Germantown, Tennessee

Antonio Karides, a junior from Severna Park, Maryland

Michael Borecki, a junior from Darien, Connecticut

[next game >>]

Jeopardy! Round responses

IN BETWEEN
SOUTHERN HISTORY
BUSINESS
CONTEMPORARY AUTHORS
CHARACTERS IN TV SHOWS
"PEANUT", "BUTTER", "JELLY", "TIME"
(Alex: All of those words in quotation marks, so one of them is gonna come up in each correct response.)
    $200 6
brunch

Antonio
    $200 21
"Dixie"

Michael
    $200 28
Bed Bath & Beyond

Antonio
    $200 30
Percy Jackson

Michael
    $200 29
(Michael: What is SpongeBob?... [*]?)
(Alex: Thank you.)
[Apurva chuckles.]

SpongeBob SquarePants

Michael
    $200 27
a jellyfish

Michael
    $400 7
Labor Day

Michael
    $400 19
Mobile

Michael
    $400 23
Staples

Michael
    $400 20
(Jeff) Kinney

Michael
    $400 22
The Vampire Diaries

Michael
    $400 26
a timetable

Antonio
    $600 15
sulfur

Michael
    $600 5
the Seminoles

Antonio
    $600 4
FedEx

Apurva
    $600 9
(Veronica) Roth

Michael
    $600 13
Phineas and Ferb

Michael
    $600 25
a butter knife

Apurva
    $800 17
your canines

Apurva
    $1,000 1
indigo

Michael
    $800 10
(Mark) Cuban

Michael
    $800 2
Meg Cabot

Triple Stumper
    $800 11
Supernatural

Apurva
    $800 16
(Apurva: What is brittle?)
...
(Alex: Remember, those four words up there, one of them has to appear in each correct response.)

peanut brittle

Apurva
Triple Stumper
    $1000 18
Titan

Michael
    $1000 3
Baton Rouge

Michael
    $1000 14
(Michael: What is L.L. Bean?)

J.Crew

Michael
Triple Stumper
    $1000 8
The Curious Incident of the Dog in the Night-Time

Apurva
    $1000 12
Once Upon a Time

Apurva
    $1000 24
packing peanuts

Apurva

Scores at the first commercial break (after clue 15):

Michael Antonio Apurva
$4,000 $800 $3,400

Scores at the end of the Jeopardy! Round:

Michael Antonio Apurva
$7,400 $1,400 $5,000

Double Jeopardy! Round responses

COMPOSERS & THEIR MUSIC
I GET AROUND
"C" THE WORLD
(Alex: Each correct response will begin with that letter.)
LET'S GO TO SUNDAY SCHOOL
PHYSICS
THE RHYMES OF LIFE & LOVE
(Alex: Each correct response will rhyme with either "life" or the word "love".)
    $400 4
Tchaikovsky

Antonio
    $400 24
balloons

Antonio
    $400 23
Cuba

Michael
    $400 15
wine

Apurva
    $400 1
(Apurva: What is radiation?)
(Alex: Be more specific.)
(Apurva: Uh, beta particles?)
(Antonio: What is alpha particle radiation?)

X rays

AntonioApurva
Triple Stumper
    $400 12
(Alex: [*] is right; you got it in in time. Don't shake your head negatively and get down on yourself. You still have moments to come up with a correct response.)

a dove

Apurva
    $800 8
the Common Man

Michael
    $800 25
(Alex: Less than a minute now.)

Tron

Michael
    $800 22
Croatia

Michael
    $800 16
shepherd

Michael
    $800 2
semiconductors

Michael
    $800 18
a wife

Apurva
    $1200 13
The Four Seasons

Apurva
    $1200 11
a bicycle

Antonio
    $4,000 10
Canaan

Michael
    $1200 21
(Antonio: Who is... Baal?)

the golden calf

MichaelAntonio
    $1200 5
an axle

Michael
    $1200 19
to glove

Antonio
    $1600 3
(Sir Arthur) Sullivan

Apurva
    $1600 28
Speed Racer

Michael
    $1600 7
(Antonio: What is...)
...
(Alex: [*], yes. It has to begin with a "C".)

Costa Rica

AntonioApurva
    $1600 26
(Antonio: Who is... Schweitzer?)

Luke

Antonio
Triple Stumper
    $2,000 6
lift

Michael
    $1600 20
a fife

Michael
    $2000 14
(Antonio: What is a polka?)
(Michael: What is a... mazurka?)
(Apurva: What is a polska?)

polonaise

MichaelAntonioApurva
Triple Stumper
    $2000 29
[The end-of-round signal sounds.]

Channing Tatum

Triple Stumper
    $2000 9
Cardiff

Michael
    $2000 27
Daniel

Michael
    $2000 17
(Antonio: What is... an iota?)

psi

Antonio
Triple Stumper

Scores at the end of the Double Jeopardy! Round:

Michael Antonio Apurva
$25,400 -$4,200 $8,600
(lock game)

[wagering suggestions for these scores]

Final Jeopardy! Round responses

SCIENCE & MATH VOCABULARY
(Alex: [To Michael] Who are gg guys?)
(Michael: Good game, guys.)
(Alex: Good game, guys. All right. You didn't risk anything, did you?)
(Michael: No.)
(Alex: No, you didn't have to, but you're gonna be a finalist. Come on over here, Michael. Congratulations to you, young man. You played marvelously well. And now, here are your two opponents...)
(Sharath: Sharath Narayan, Madison, Alabama.)
(Alec: Alec Fischthal, North Woodmere, New York.)
(Alex: It's gonna be exciting. You've all seen how great these three guys are. Join us Monday, won't you? We'll see you then, we hope.)
ApurvaWhat are vertex + vortex?
$8,600
MichaelWhat is gg guys?
$0
vertex & vortex

Final scores:

Michael Antonio Apurva
$25,400 -$4,200 $17,200
Finalist 3rd place: $10,000 2nd place: $10,000

Game dynamics:

Coryat scores:

Michael Antonio Apurva
$22,000 -$4,200 $8,600
30 R
(including 3 DDs),
2 W
8 R,
6 W
13 R,
3 W

Combined Coryat: $26,400

[game clues] [game scores] [suggest correction]

Game tape date: 2016-04-13
The J! Archive is created by fans, for fans. Scraping, republication, monetization, and malicious use prohibited; this site may use cookies and collect identifying information. See terms. The Jeopardy! game show and all elements thereof, including but not limited to copyright and trademark thereto, are the property of Jeopardy Productions, Inc. and are protected under law. This website is not affiliated with, sponsored by, or operated by Jeopardy Productions, Inc. Join the discussion at JBoard.tv.